00606nam a22001937a 450000500170000000800410001701000170005802000110007503500170008603700080010304000180011108200180012910000250014724501040017226000360027627000430031230000350035570000220039020100416144352.0080922t xxu||||| |||| 00| 0 eng d aB-363061-084 c300.00 aB-363061-084 bPUB adplbEnglish  a791.437028092 aManto, Saadat Hasan  aMeena Bazaar:cby Saadat Hasan Manto; edited & compiled by Roshi M. Bhatia bsketches & portraits / aDelhi bA.K. Enterprises c2009 aB-7, G.T. Karnal Road, bDelhie110033 a264p. c22cm(Hb) bb&w photos  aBhatia, Roshi M.